1676 1560 1010 1329 1372 1063 1787 1122 1197 1716 1355 1769 1742 1940 1423 1622 1754 1151 1737 1052 1350 1745 1848 1762 1860 1271 1628 1765 1468 1068 1301 1990 1872 1820 1621 1718 1989 1108 1330 1882 1348 1404 1193 1345 1873 1552 1103 1230 1683 1585 1923 1274 1766 1748 1253 1285 1783 1577 1858 1637 1335 1905 1731 1414 1185 1716 1301 1019 1373 1162 1396 1227 1136 1155 1726 1724 1982 1500 1764 1125 1914 1056 1832 1282 1843 1832 1893 1418 1863 1022 1366 1650 1376 1059 1064 1089 1026 1193 1222 BCNSPRNW ULIB Ver.6.0+V

เปลี่ยนเป็นภาษาไทย

Change to English
 แสดงรายละเอียดบรรณานุกรม
  กลับหน้าหลัก

Brief Record : Get Marc (ISO 2709) : E-mail record : QR code < ปิดหน้าต่าง
LEADER : 00000nam 2200000uu 4500
001    13399123218
003     ULIB
008    020711s2551 th a 000 0 tha d
020    9789748458342
090    นว.^bร111ล
100    รัมย์
245    เล่ห์รักตามหลักแสบ /^cรัมย์
250    พิมพ์ครั้งที่ 1
260    กรุงเทพฯ :^b1168พับลิชชิ่ง,^c2551
300    190 หน้า;^b21 ซม.
710    1168พับลิชชิ่ง
945    ^p149^l0^i20354
999    ^aทศพร เกษรทอง
รายการนี้ยังไม่มีแท็ก
คุณยังไม่ได้ล็อกอิน คุณสามารถมีกิจกรรมร่วมกับเว็บไซต์ได้ แต่ต้องล็อกอินก่อน ::
  ล็อกอิน

รายการสื่อสารสนเทศ

ลำดับที่ ประเภท เลขเรียก/บาร์โค้ด สถานที่ สถานะ
1. นวนิยาย
นวนิยาย
นว. ร111ล ฉ.1 
  Barcode: 20354
ห้องสมุดวิทยาเขตนครสวรรค์
►นวนิยาย:l:Fiction
บนชั้น

รายการใกล้เคียง
    ผู้แต่ง [รัมย์]

BibComment


ยังไม่เคยถูกคอมเมนท์

คอมเมนท์ทรัพยากรรายการนี้
  คอมเมนท์: เล่ห์รักตามหลักแส..


 Copyright 2026. Bcnsprnw @Library